000
00215nam a2200097Ia 4500
008
240331s9999 xx 000 0 und d
082
_b
SAK
100
_a
Sakthi. ed
245
0
_a
Sakthi :
_b
A Women's Journal
942
_c
L
999
_c
5555
_d
5555